Vypomáhanie v rodinných firmách

Fyzické osoby, ktoré sú podnikateľmi, môžu pri svojom podnikaní využiť výpomoc svojich príbuzných aj bez toho, aby s nimi založili pracovnoprávny vzťah. Podmienky za akých tak môžu urobiť, ustanovuje paragraf 2a zákona o nelegálnej práci. Ich nedodržanie má za následok naplnenie skutkovej podstaty n...

Full description

Saved in:
Bibliographic Details
Main Author: Žuľová, Jana
Format: Book Chapter
Language:Slovak
Subjects:
Tags: Add Tag
No Tags, Be the first to tag this record!

MARC

LEADER 00000naa a2200000 4500
001 0185040
005 20231120134213.0
041 0 |a slo 
044 |a SK 
245 1 0 |a Vypomáhanie v rodinných firmách  |c Jana Žuľová 
520 |a Fyzické osoby, ktoré sú podnikateľmi, môžu pri svojom podnikaní využiť výpomoc svojich príbuzných aj bez toho, aby s nimi založili pracovnoprávny vzťah. Podmienky za akých tak môžu urobiť, ustanovuje paragraf 2a zákona o nelegálnej práci. Ich nedodržanie má za následok naplnenie skutkovej podstaty nelegálneho zamestnávania, resp. nelegálnej práce, ktoré inšpekcia práce postihuje pokutami. 
610 2 0 |a podnik rodinný 
610 2 0 |a zamestnanie 
610 2 0 |a rodina 
610 2 0 |a práca nelegálna 
610 2 0 |a právo pracovné 
100 1 |a Žuľová, Jana